LEADER 00978nam a2200265 u 4500 001 000000081235 003 CaOOAMICUS 005 20070226123731.0 008 050317s1942 it f u000 u ita u 035 $a11034794 040 $aPUL(R)$bita 041 1 $aita$hger 100 1 $aDaring, Thomas.$0(OLS)http://pul/name/54164 240 10$aAusbeuter der natur.$lItaliano.$0(OLS)http://pul/title/106265 245 10$aSfruttatori della natura /$cdi Thomas Daring. 250 $a2. ed. 260 $aMilano :$bBompiani,$c1942. 300 $a255 p., [12] p. di tav. ;$c21 cm 490 1 $aAvventure del pensiero ;$v12 830 0$aAvventure del pensiero ;$v12.$0(OLS)http://pul/title/15860 850 $aPUL 852 $aPUL$W1$xDP1 Fondo Cecchetti$y53$m260 D 48$j193466$nBK-PRI$b $qFondi$B103667$CPULBib$Z2$F103667 $81 941 1 $a1 996 $6245$aSfruttatori della natura$9(OLS)http://pul/title/106266 996 $6260$aMilano :$bBompiani$9(OLS)http://pul/publisher/48240 LEADER 01657nam a2200337 u 4500 001 000000058741 003 CaOOAMICUS 005 20070226120726.0 008 010612s1996 it u000 u ita u 035 $a10892351 040 $aPUL(R)$bita 041 1 $aita$hger 100 1 $aBonhoeffer, Dietrich,$d1906-1945.$0(OLS)http://pul/name/8147 240 10$aTreue zur Welt : Meditationen.$lItaliano$1Gruppi, scelte.$0(OLS)http://pul/title/78708 245 10$aFedeltà al mondo :$bMeditazioni /$cDietrich Bonhoeffer ; introduzione di Rosino Gibellini. 260 $aBrescia :$bQueriniana,$c1996. 300 $a117 p. ;$c18 cm 490 1 $aMeditazioni ;$v43 500 $aTesti scelti da Otto Dudzuz e Ulrich Kabitz. 500 $a"Nuova edizione in occasione del 50°anniversario della morte di Dietrich Bonhoeffer". 700 1 $aGibellini, Rosino,$d1926-$0(OLS)http://pul/name/11017 830 0$aMeditazioni (Queriniana) ;$v43.$0(OLS)http://pul/title/45180 850 $aPUL 852 $aPUL$W1$xDP1 Altre Collocazioni$y17$mSenza collocazione$j12$nBK-PRI$b $qStampati$B76696$CPULBib$Z2$F76696 $H $81 852 $aPUL$W1$xSL Religione 1$y3$m75 M 30$j76697$nBK-PRI$b $qStampati$B76697$CPULBib$Z2$F76697 $H $81 852 $aPUL$W1$xSL Religione 1$y3$m75 M 71$j76698$nBK-PRI$b $qStampati$B76698$CPULBib$Z2$F76698 $H $81 941 1 $a8 961 $aINV: 45205 961 $aINV: 73070 996 $6245$aFedeltà al mondo :$bMeditazioni$9(OLS)http://pul/title/78709 996 $6260$aBrescia :$bQueriniana$9(OLS)http://pul/publisher/47906